| 000 | 00924nam a2200205Ia 4500 | ||
|---|---|---|---|
| 003 | OSt | ||
| 005 | 20210908164045.0 | ||
| 008 | 210310q1997 ck ad fr 000 0 spa d | ||
| 040 |
_aCO-JMCR _cCO-JMCR |
||
| 041 | 0 | _aspa | |
| 082 | 0 | 4 |
_a330 / _bF293p _223 |
| 110 | 2 |
_aFederación Nacional de Desarrollo _940183 |
|
| 245 | 1 | 0 |
_aProspectiva : _bperspectivas económicas de corto y mediano plazo / _cFederación Nacional de Desarrollo |
| 260 |
_aBogotá : _bFedesarrollo, _c1997 |
||
| 300 |
_a90 páginas : _bilustraciones y gráficas a blanco y negro ; _c28 cm. |
||
| 500 | _aIncluye notas a pie de página. Enero-Junio 1997 | ||
| 505 | 0 | _aProyecciones y resultados de 1996 -- La emergencia económica de 1997 -- Proyecciones para 1997 -- Perspectivas hasta 1999 -- Tendencias de largo plazo: el papel del sector petróleo -- La economía venezolana | |
| 650 | 1 | 4 |
_aProyecciones económicas _917530 _zColombia |
| 942 |
_2ddc _cBK |
||
| 999 |
_c8526 _d8526 |
||